书目信息 |
| 题名: |
摩尔和将军
|
|
| 作者: | ;中共中央马恩列斯著作编译局 编译 | |
| 分册: | 一 | |
| 出版信息: | 北京 人民出版社 1982 |
|
| 页数: | 261页 | |
| 开本: | 18cm | |
| 丛书名: | ||
| 单 册: | ||
| 中图分类: | A7 | |
| 科图分类: | ||
| 主题词: | 马克思--生平事迹 , 马克思--传记 , 恩格斯--生平事迹 , 恩格斯--传记 | |
| 电子资源: | ||
| ISBN: | ||
| 000 | 00884nam0 2200277 45 | |
| 001 | 0182006064 | |
| 005 | 20050517153326.5 | |
| 010 | @dCNY0.95 | |
| 091 | @a11001.524 | |
| 100 | @a19950127d1982 em y0chiy0121 ea | |
| 101 | 1 | @achi@cger |
| 102 | @aCN@b110000 | |
| 105 | @af z 000yc | |
| 200 | 10 | @a摩尔和将军@Amo er he jiang jun@e回忆马克思恩格斯@EHui Yi Ma Ke Si En Ge Si@h一@f中共中央马恩列斯著作编译局编译@FZhong Gong Zhong Yang Ma En LieSi Zhu Zuo Bian Yi Ju Bian Yi |
| 210 | @a北京@c人民出版社@d1982 | |
| 215 | @a261页@c图@d18cm | |
| 517 | @a回忆马克思恩格斯@AHui Yi Ma Ke Si En Ge Si | |
| 606 | 0 | @a马克思@x生平事迹 |
| 606 | 0 | @a马克思@x传记 |
| 606 | 0 | @a恩格斯@x生平事迹 |
| 606 | 0 | @a恩格斯@x传记 |
| 690 | @aA7 | |
| 711 | 02 | @a中共中央马恩列斯著作编译局@4编译 |
| 801 | 0 | @aCN@b上海图书馆@c20040105 |
| 801 | 2 | @aCN@bNLC@c20040105 |
| 905 | @dA7@e22:1@f1@b81005 | |
| 摩尔和将军:回忆马克思恩格斯.一/中共中央马恩列斯著作编译局编译.-北京:人民出版社,1982 |
| 261页:图;18cm |
| ISBN :CNY0.95 |
| ● |
| 相关链接 |
|
|
|
|
正题名:摩尔和将军
索取号:A7/22:1
 
预约/预借
| 序号 | 登录号 | 条形码 | 馆藏地/架位号 | 状态 | 备注 |
| 1 | 0081001 | 000956335 | 第一借阅区/ [索取号:A7/22:1] | 在馆 | |
| 2 | 0081002 | 000956086 | 第一借阅区/ [索取号:A7/22:1] | 在馆 | |
| 3 | 0081003 | 000955960 | 第一借阅区/ [索取号:A7/22:1] | 在馆 | |
| 4 | 0081004 | 000956371 | 第一借阅区/ [索取号:A7/22:1] | 在馆 | |
| 5 | 0081005 | 000956576 | 第一样本阅览室/ [索取号:A7/22:1] | 在馆 | |
| 6 | 0161841 | 001866546 | 密集书库/ [索取号:A7/22:1] | 在馆 | |
| 7 | 0161842 | 000956415 | 第一借阅区/ [索取号:A7/22:1] | 在馆 | |
| 8 | 0161843 | 001866537 | 密集书库/ [索取号:A7/22:1] | 在馆 |